| 000 | 00398nam a2200145Ia 4500 | ||
|---|---|---|---|
| 005 | 20251222141913.0 | ||
| 008 | 251222s9999||||xx |||||||||||||| ||spa|| | ||
| 020 | _a84-96477-96-7 | ||
| 082 | _a624.183.41/M36 | ||
| 100 | _aMedina Sánchez, Eduardo | ||
| 245 | 0 | _aConstrucción de Estructuras de Hormigón Armado: | |
| 250 | _a2a.ed. | ||
| 264 | _bDelta Publicaciones Universitarias | ||
| 942 | _cLIB | ||
| 999 |
_c8453 _d8453 |
||